Les Pokémons de type Insecte - Statistiques

Statistiques générales
  • Ce quiz a été pris 253 fois
    137 depuis la dernière actualisation
  • Le résultat moyen est 71 sur 89
Statistiques - réponses
Gen Type 1 Type 2 Pokémon % Correct
I 014 Insecte Poison Coconfort
99%
I 013 Insecte Poison Aspicot
97%
I 010 Insecte Chenipan
97%
I 015 Insecte Poison Dardargnan
97%
I 012 Insecte Vol Papilusion
97%
I 011 Insecte Chrysacier
96%
I 123 Insecte Vol Insecateur
94%
V 637 Insecte Feu Pyrax
94%
V 636 Insecte Feu Pyronille
93%
I 049 Insecte Poison Aeromite
91%
III 283 Insecte Eau Arakdo
91%
II 212 Insecte Acier Cizayox
91%
III 284 Insecte Vol Maskadra
90%
I 048 Insecte Poison Mimitoss
90%
III 265 Insecte Chenipotte
88%
IV 413 Insecte Plante Cheniselle
88%
IV 413 Insecte Sol Cheniselle
88%
IV 413 Insecte Acier Cheniselle
88%
IV 412 Insecte Cheniti
88%
V 541 Insecte Plante Couverdure
88%
V 540 Insecte Plante Larveyette
88%
III 269 Insecte Poison Papinox
88%
I 046 Insecte Plante Paras
88%
I 047 Insecte Plante Parasect
88%
I 127 Insecte Scarabrute
88%
II 214 Insecte Combat Scarhino
88%
V 542 Insecte Plante Manternel
87%
II 167 Insecte Poison Mimigal
87%
V 595 Insecte Electrik Statitik
87%
III 267 Insecte Vol Charmillon
86%
V 632 Insecte Acier Fermite
86%
II 168 Insecte Poison Migalos
86%
III 292 Insecte Spectre Munja
86%
V 596 Insecte Electrik Mygavolt
86%
III 290 Insecte Sol Ningale
86%
III 266 Insecte Armulys
84%
III 268 Insecte Blindalys
84%
V 545 Insecte Poison Brutapode
84%
III 291 Insecte Vol Ninjask
84%
V 544 Insecte Poison Scobolide
84%
V 543 Insecte Poison Venipatte
84%
II 165 Insecte Vol Coxy
83%
II 166 Insecte Vol Coxyclaque
83%
IV 414 Insecte Vol Papilord
83%
II 205 Insecte Acier Foretress
80%
II 204 Insecte Pomdepik
80%
VI 666 Insecte Vol Prismillon
80%
VII 751 Insecte Eau Araqua
78%
IV 416 Insecte Vol Apireine
77%
IV 415 Insecte Vol Apitrini
77%
V 558 Insecte Roche Crabaraque
77%
V 557 Insecte Roche Crabicoque
77%
V 649 Insecte Acier Genesect
77%
V 589 Insecte Acier Lançargot
77%
V 617 Insecte Limaspeed
77%
IV 401 Insecte Crikzik
75%
V 616 Insecte Escargaume
75%
VI 664 Insecte Lépidonille
75%
VII 738 Insecte Electrik Lucanon
75%
IV 402 Insecte Mélokrik
75%
VI 665 Insecte Pérégrain
75%
VII 752 Insecte Eau Tarenbulle
75%
II 213 Insecte Roche Caratroc
74%
VII 743 Insecte Fée Rubombelle
74%
IV 493 Insecte Arceus
72%
III 348 Insecte Roche Armaldo
72%
VII 742 Insecte Fée Bombydou
72%
V 588 Insecte Carabing
72%
VII 737 Insecte Electrik Chrysapile
72%
VII 736 Insecte Larvibule
72%
III 347 Insecte Roche Anorith
71%
VIII 873 Insecte Glace Beldeneige
71%
VIII 851 Insecte Feu Scolocendre
71%
VII 767 Insecte Eau Sovkipou
71%
II 193 Insecte Vol Yanma
71%
IV 469 Insecte Vol Yanmega
71%
VIII 850 Insecte Feu Grillepattes
67%
III 314 Insecte Lumivole
67%
III 313 Insecte Muciole
67%
VII 768 Insecte Eau Sarmuraï
67%
VIII 826 Insecte Psy Astronelle
65%
VII 795 Insecte Combat Cancrelove
65%
VII 794 Insecte Combat Mouscoto
65%
VIII 872 Insecte Glace Frissonille
64%
VIII 824 Insecte Larvadar
64%
IV 451 Insecte Poison Rapion
61%
VII 773 Insecte Silvallié
61%
VIII 825 Insecte Psy Coléodôme
59%
VIII 900 Insecte Roche Hachécateur
57%
Aucun quiz correspondant
Distribution des résultats
% des personnes avec chaque résultat
Percentile par nombre de réponses
Votre historique - résultats
Vous n’avez pas pris ce quiz depuis la dernière actualisation